• 首页
  • 本馆介绍
  • 公告通知
  • 最新文献
  • 馆藏检索
  • 电子资源
  • 读者导购
  • 参考咨询
  • 我的图书馆
  • 登录
  • 详细信息显示
  • 放入我的书架
  • 预约/预借图书
  • 作者相关作品
  • 分类相关作品
  • 丛书相关作品
  • 出版社相关作品

书目信息

  • 表格格式
  • 工作单格式
  • 卡片格式
题名:
企业家之路
    
 
作者: 高振强 主编
分册:  
出版信息: 北京   科学出版社  2007
页数: 224页
开本: 26cm
丛书名:
单 册:
中图分类: F272.91
科图分类:
主题词: 企业领导学--案例--高等教育--教材 , 企业领导学
电子资源:
ISBN: 978-7-03-019913-3
000 00858nam0 2200253 450
001 523
005 20140909091834.93
010    @a978-7-03-019913-3@dCNY21.00
100    @a20070104d2007 em y0chiy50 ea
101 0  @achi
102    @aCN@b110000
105    @aa z 000yy
106    @ar
200 1  @a企业家之路@AQi Ye Jia Zhi Lu@f高振强主编@FGao Zhen Qiang Zhu Bian
210    @a北京@c科学出版社@d2007
215    @a224页@c照片@d26cm
300    @a高等教育“十一五”规划教材 高职高专公共课教材系列
330    @a本书精选22位知名企业家创业、守业的历程作为案例,着重介绍了国内外对企业家内涵的界定,企业家精神与素质的分析等内容。
606 0  @a企业领导学@x案例@x高等教育@j教材
606 0  @a企业领导学
690    @aF272.91@v5
701  0 @a高振强@AGao Zhen Qiang@f(1963.1~)@4主编
801  0 @aCN@bTANGWEI@c20140603
905    @b0839287-89@dF272.91@e1037@f3
    
    企业家之路/高振强主编.-北京:科学出版社,2007
    224页:照片;26cm
    高等教育“十一五”规划教材 高职高专公共课教材系列
    
    ISBN 978-7-03-019913-3:CNY21.00
    本书精选22位知名企业家创业、守业的历程作为案例,着重介绍了国内外对企业家内涵的界定,企业家精神与素质的分析等内容。
●
相关链接 在E读中查询图书 在五车中查询图书 在当当中查询图书 在豆瓣中查询图书


正题名:企业家之路     索取号:F272.91/1037         预约/预借

序号 登录号 条形码 馆藏地/架位号 状态 备注
1 0839287   208392871   第一样本阅览室/ [索取号:F272.91/1037] 在馆    
2 0839288   208392880   第一借阅区/ [索取号:F272.91/1037] 在馆    
3 0839289   208392899   密集书库-海洋学院/ [索取号:F272.91/1037] 在馆    
唐山师范学院图书馆 欢迎您!
大连网信软件有限公司© 版权所有